Tintin - Personnages d'Objectif Lune - Mort subite - Statistiques

Statistiques générales
  • Ce quiz a été pris 78 fois
  • Le résultat moyen est 6 sur 10
Answers on the Grid
Answers color-coded by a green-red scale on the quiz's grid according to % correct below.
Le capitaine Archibald Haddock
Dupond et Dupont
Le professeur Tryphon Tournesol
Bianca Castafiore
Roberto Rastapopoulos
Le général Alcazar
Nestor
Séraphin Lampion
Allan Thompson
Boris Jorgen
Baxter
Le colonel Sponsz
Frank Wolff
Muskar XII
Le docteur Rotule
Le professeur Calys
Igor Wagner
Le chat de Moulinsart
Le docteur J.W. Müller
Miller
 
Statistiques - réponses
Réponse % Correct
Dupond et Dupont
95%
Le professeur Tryphon Tournesol
95%
Le capitaine Archibald Haddock
93%
Frank Wolff
64%
Baxter
55%
Boris Jorgen
52%
Nestor
52%
Le chat de Moulinsart
41%
Le docteur Rotule
36%
Miller
36%
Aucun quiz correspondant
Distribution des résultats
% des personnes avec chaque résultat
Percentile par nombre de réponses
Votre historique - résultats
Vous n’avez pas pris ce quiz